[Event "Heusenstamm Sparkassen op 11th"]
[Site "Heusenstamm"]
[Date "2024.11.22"]
[Round "3"]
[White "Faulstich, Kurt"]
[Black "Schellenberger, Dirk"]
[Result "0-1"]
[WhiteElo "1819"]
[BlackElo "1932"]
[PlyCount "92"]
[EventDate "2024.11.21"]
[EventType "swiss"]
[EventRounds "7"]
[EventCountry "GER"]
[SourceTitle "CB51_2024"]
[SourceDate "2024.12.18"]
[SourceVersion "1"]
[SourceVersionDate "2024.12.18"]
[SourceQuality "1"]

1. e4 Nf6 2. Nc3 d5 3. exd5 Nxd5 4. Bc4 c6 5. Nf3 Bg4 6. 0-0 e6 7. Re1 Be7 8. h3 Bh5 9. Ne4 Nd7 10. Be2 0-0 11. d3 Qc7 12. Bg5 f6 13. Bd2 e5 14. Nd4 Bf7 15. Nf5 Bb4 16. c3 Ba5 17. b4 Bb6 18. c4 Bg6 19. Nh4 Bxe4 20. dxe4 Bd4 21. cxd5 cxd5 22. Rc1 Qb6 23. Rf1 dxe4 24. Nf5 Kh8 25. Bc3 Qe6 26. Nxd4 exd4 27. Qxd4 Nb6 28. Rc2 Rad8 29. Qe3 Rfe8 30. Qc1 Na4 31. Bd2 Re7 32. Qa3 Nb6 33. Qxa7 Ra8 34. Bc4 Qd6 35. Qxa8+ Nxa8 36. Rfc1 Nb6 37. Bb3 h6 38. a3 Qd3 39. Rb1 Rc7 40. Rxc7 Qxb1+ 41. Kh2 Qxb3 42. Rxb7 Nc4 43. Bf4 g5 44. Bb8 e3 45. fxe3 Nxe3 46. Ba7 Nf5 0-1

[Event "Main Vogelsberg op 17th"]
[Site "Waechtersbach"]
[Date "2023.10.02"]
[Round "5"]
[White "Schellenberger, Dirk"]
[Black "Hankel, Wolf Heinrich"]
[Result "1-0"]
[WhiteElo "1853"]
[BlackElo "1674"]
[PlyCount "77"]
[EventDate "2023.09.30"]
[EventType "swiss"]
[EventRounds "7"]
[EventCountry "GER"]
[SourceTitle "EXT 2025"]
[Source "ChessBase"]
[SourceDate "2024.10.14"]
[SourceVersion "1"]
[SourceVersionDate "2024.10.14"]
[SourceQuality "1"]
[WhiteTeam "SC Aschaffenburg eV"]
[BlackTeam "SF Hailer Meerholz"]

1. g3 Nf6 2. Bg2 g6 3. b4 Bg7 4. Bb2 0-0 5. d3 d6 6. Nd2 c5 7. a3 cxb4 8. axb4 Na6 9. b5 Nc5 10. d4 Ne6 11. c4 Qb6 12. e3 Rd8 13. Ne2 Bd7 14. Nc3 Ng5 15. h4 Ne6 16. Na4 Qc7 17. Qb3 Rab8 18. Ba3 b6 19. Ra2 Bc8 20. Bc6 Bb7 21. d5 Bxc6 22. bxc6 Nc5 23. Qc2 Ra8 24. Bb2 Qc8 25. f3 e5 26. Nxc5 bxc5 27. Bc3 Re8 28. Ne4 Nxe4 29. Qxe4 f5 30. Qc2 Bh6 31. Kf2 Qc7 32. Rb1 Reb8 33. Rab2 Rb6 34. Qa4 Rab8 35. Rxb6 axb6 36. Qa6 Qc8 37. Qa7 Ra8 38. Qxb6 Ra2+ 39. Kf1 1-0

[Event "Main Vogelsberg op 17th"]
[Site "Waechtersbach"]
[Date "2023.10.01"]
[Round "4"]
[White "Nickel, Jonas"]
[Black "Schellenberger, Dirk"]
[Result "1-0"]
[WhiteElo "1826"]
[BlackElo "1853"]
[PlyCount "131"]
[EventDate "2023.09.30"]
[EventType "swiss"]
[EventRounds "7"]
[EventCountry "GER"]
[SourceTitle "EXT 2025"]
[Source "ChessBase"]
[SourceDate "2024.10.14"]
[SourceVersion "1"]
[SourceVersionDate "2024.10.14"]
[SourceQuality "1"]
[WhiteTeam "Schachdrachen Buedingen Waechtersbach"]
[BlackTeam "SC Aschaffenburg eV"]

1. e4 Nf6 2. e5 Nd5 3. d4 d6 4. c4 Nb6 5. f4 dxe5 6. fxe5 Nc6 7. Be3 Bf5 8. Nc3 e6 9. Nf3 Bb4 10. Be2 Qd7 11. 0-0 h6 12. a3 Bxc3 13. bxc3 0-0 14. Qe1 Ne7 15. Qg3 Kh8 16. Qh4 Bg6 17. g4 Qe8 18. Nd2 Ng8 19. Rf3 Nd7 20. Rh3 f6 21. exf6 Ndxf6 22. g5 Nh7 23. gxh6 Nxh6 24. Bxh6 gxh6 25. Qxh6 Rg8 26. Rg3 Rd8 27. Nf3 Qf8 28. Qe3 Qf6 29. Rf1 Bf5 30. Kf2 Rdf8 31. Rfg1 Rxg3 32. Rxg3 Rg8 33. Qf4 Rxg3 34. hxg3 Qe7 35. g4 Bc2 36. Qe5+ Kg8 37. d5 Nf6 38. Nd4 Ne4+ 39. Ke3 Qc5 40. Qxe6+ Kh8 41. Qc8+ Kh7 42. Qd7+ Kh8 43. Qd8+ Kh7 44. Bd3 Bxd3 45. Kxd3 Nd6 46. Qe7+ Kh8 47. Qh4+ Kg8 48. Qg5+ Kh8 49. Qh6+ Kg8 50. Qf8+ Kh7 51. Qg7+ Kxg7 52. Ne6+ Kg6 53. Nxc5 Kg5 54. Ne4+ Kxg4 55. Nxd6 cxd6 56. c5 Kf5 57. cxd6 Kf6 58. Kd4 Kf7 59. Ke5 b6 60. a4 a6 61. c4 Kf8 62. Kf6 Ke8 63. Ke6 Kd8 64. d7 b5 65. c5 b4 66. Kd6 1-0

[Event "Mittelfrank Regionalliga Nord-West 2223"]
[Site "Mittelfranken"]
[Date "2023.02.05"]
[Round "6.6"]
[White "Roeber, Juergen"]
[Black "Schellenberger, Dirk"]
[Result "1-0"]
[WhiteElo "2072"]
[BlackElo "1850"]
[PlyCount "61"]
[EventDate "2022.10.09"]
[EventType "team-tourn"]
[EventRounds "9"]
[EventCountry "GER"]
[SourceTitle "EXT 2024"]
[Source "ChessBase"]
[SourceDate "2023.10.10"]
[SourceVersion "1"]
[SourceVersionDate "2023.10.10"]
[SourceQuality "1"]
[WhiteTeam "Bamberg II"]
[BlackTeam "Aschaffenburg"]
[WhiteTeamCountry "GER"]
[BlackTeamCountry "GER"]

1. e4 c5 2. c3 Nf6 3. e5 Nd5 4. d4 cxd4 5. cxd4 e6 6. Nc3 Nxc3 7. bxc3 Qc7 8. Bd2 d6 9. Nf3 Nc6 10. Bb5 a6 11. Bxc6+ Qxc6 12. 0-0 b5 13. a4 Bb7 14. axb5 axb5 15. Rxa8+ Bxa8 16. Qe2 Bb7 17. Rb1 Ba6 18. Ng5 Be7 19. Qh5 g6 20. Qh6 Bf8 21. Qh3 h6 22. exd6 Qd5 23. c4 Qxd6 24. cxb5 Bb7 25. Nf3 Bg7 26. Bb4 Qd5 27. Qg3 Bxd4 28. Nxd4 e5 29. Nc6 Bxc6 30. bxc6 Qe4 31. Re1 1-0

[Event "Heusenstamm Sparkassen op 8th"]
[Site "Heusenstamm"]
[Date "2022.11.20"]
[Round "6"]
[White "Nickel, Ruediger"]
[Black "Schellenberger, Dirk"]
[Result "0-1"]
[WhiteElo "2039"]
[BlackElo "1799"]
[PlyCount "108"]
[EventDate "2022.11.17"]
[EventType "swiss"]
[EventRounds "7"]
[EventCountry "GER"]
[SourceTitle "CBM 212 Extra"]
[Source "ChessBase"]
[SourceDate "2023.03.31"]
[SourceVersion "1"]
[SourceVersionDate "2023.03.31"]
[SourceQuality "1"]

1. e4 Nf6 2. e5 Nd5 3. d4 d6 4. Nf3 dxe5 5. Nxe5 c6 6. Be2 Bf5 7. 0-0 Nd7 8. Nxd7 Qxd7 9. Na3 e6 10. Nc4 Be7 11. Ne5 Qd8 12. a3 0-0 13. c4 Nb6 14. Be3 Nd7 15. f4 Qc7 16. Qe1 Rad8 17. b4 a6 18. Qg3 Nf6 19. Bf3 Be4 20. Be2 b5 21. Rfc1 Qb7 22. Bf2 Rc8 23. Qe3 c5 24. dxc5 bxc4 25. Bf1 Rfd8 26. Nxc4 Ng4 27. Qg3 f5 28. Be1 Bf6 29. Bc3 Qe7 30. h3 Bh4 31. Bf6 Qxf6 32. Qb3 Qd4+ 33. Kh1 Nf2+ 34. Kh2 Bd3 35. g3 e5 36. Nxe5+ Rd5 37. Bg2 Be4 38. gxh4 Bxg2 39. Kxg2 Rcd8 40. Rc4 Qxa1 41. Rc2 Ne4 42. c6 Qd1 43. c7 Rc8 44. Nf3 Kf8 45. Qc4 Rd3 46. Rf2 Nxf2 47. Qc5+ Kg8 48. Ne5 Qh1+ 49. Kxf2 Qh2+ 50. Ke1 Qd2+ 51. Kf1 Qd1+ 52. Kf2 Rd2+ 53. Kg3 Qe1+ 54. Kf3 Qe2+ 0-1

[Event "Heusenstamm Sparkassen op 8th"]
[Site "Heusenstamm"]
[Date "2022.11.17"]
[Round "1"]
[White "Schellenberger, Dirk"]
[Black "Wolf, Ulrich Martin"]
[Result "0-1"]
[WhiteElo "1799"]
[BlackElo "2182"]
[PlyCount "86"]
[EventDate "2022.11.17"]
[EventType "swiss"]
[EventRounds "7"]
[EventCountry "GER"]
[SourceTitle "CBM 212 Extra"]
[Source "ChessBase"]
[SourceDate "2023.03.31"]
[SourceVersion "1"]
[SourceVersionDate "2023.03.31"]
[SourceQuality "1"]

1. e3 f5 2. Nf3 Nf6 3. b3 g6 4. Bb2 Bg7 5. c4 0-0 6. Be2 d6 7. d4 Qe8 8. 0-0 h6 9. Nc3 a5 10. Qc2 Na6 11. Rad1 Qf7 12. a3 Kh8 13. Bd3 Ng8 14. Rfe1 g5 15. Ne2 c6 16. Bc3 Nc7 17. b4 axb4 18. axb4 Be6 19. Nd2 b5 20. Bb2 bxc4 21. Nxc4 Nd5 22. Bc3 Rfb8 23. Rb1 Nxc3 24. Qxc3 Bd5 25. Rec1 Ra2 26. Ra1 Rxa1 27. Rxa1 Nf6 28. f3 Qe6 29. Kf2 Ne4+ 30. Bxe4 fxe4 31. Nd2 exf3 32. Nxf3 Rf8 33. h3 Bxf3 34. gxf3 Qxh3 35. Ng1 Qh2+ 36. Kf1 g4 37. Qe1 gxf3 38. Qf2 Qh5 39. Ra5 Qg4 40. Ra2 Bf6 41. Qh2 Bg5 42. Ra3 f2 43. Ne2 Qxe2+ 0-1

[Event "Mittelfrank Regionalliga Nord-West 2122"]
[Site "Mittelfranken"]
[Date "2022.05.29"]
[Round "9.8"]
[White "Strahl, Christian"]
[Black "Schellenberger, Dirk"]
[Result "1-0"]
[WhiteElo "1971"]
[BlackElo "1883"]
[PlyCount "61"]
[EventDate "2021.10.24"]
[EventType "team-tourn"]
[EventRounds "9"]
[EventCountry "GER"]
[SourceTitle "EXT 2024"]
[Source "ChessBase"]
[SourceDate "2023.10.10"]
[SourceVersion "1"]
[SourceVersionDate "2023.10.10"]
[SourceQuality "1"]
[WhiteTeam "Marktleuthen"]
[BlackTeam "Aschaffenburg"]
[WhiteTeamCountry "GER"]
[BlackTeamCountry "GER"]

1. e4 c5 2. Nf3 e6 3. g3 Nc6 4. Bg2 Nf6 5. Qe2 e5 6. 0-0 d6 7. c3 Be7 8. Na3 0-0 9. Nc2 a6 10. Rd1 b5 11. d4 cxd4 12. cxd4 Qc7 13. b3 Bg4 14. Bb2 Rac8 15. Rac1 Qb8 16. Ne3 Bxf3 17. Bxf3 Nxd4 18. Bxd4 Rxc1 19. Rxc1 exd4 20. Nf5 Re8 21. Qd3 Bf8 22. Qxd4 Nd7 23. Bg2 g6 24. Ne3 Rc8 25. Rd1 Qc7 26. Bh3 Rd8 27. Nd5 Qb7 28. Bxd7 Rxd7 29. Nf6+ Kh8 30. Nxd7+ Bg7 31. Qxd6 1-0

[Event "Main Vogelsberg op 15th"]
[Site "Waechtersbach"]
[Date "2021.10.03"]
[Round "4.17"]
[White "Goetz, Arnold1"]
[Black "Schellenberger, Dirk"]
[Result "0-1"]
[WhiteElo "1596"]
[BlackElo "1768"]
[PlyCount "90"]
[EventDate "2021.10.01"]
[EventType "swiss"]
[EventRounds "5"]
[EventCountry "GER"]
[SourceTitle "EXT 2023"]
[Source "ChessBase"]
[SourceDate "2022.10.05"]
[SourceVersion "1"]
[SourceVersionDate "2022.10.05"]
[SourceQuality "1"]

1. Nf3 Nf6 2. c4 c5 3. Nc3 Nc6 4. e4 g6 5. h3 d6 6. Be2 Bg7 7. 0-0 0-0 8. d4 cxd4 9. Nxd4 Nxe4 10. Nxc6 Nxc3 11. Nxd8 Nxd1 12. Nxb7 Nxb2 13. Bxb2 Bxb2 14. Rab1 Bd4 15. Bf3 Rb8 16. Rfe1 Be6 17. Bd5 Bb6 18. a4 Bxd5 19. cxd5 Rxb7 20. a5 Bxa5 21. Rxb7 Bxe1 22. Rxe7 Bb4 23. Rxa7 Re8 24. Rb7 Re1+ 25. Kh2 Bc5 26. Kg3 Re2 27. f3 h5 28. Rb3 Rd2 29. Kf4 Rxg2 30. Rd3 Kg7 31. h4 f5 32. Rb3 Kf6 33. Rb8 Rd2 34. Rf8+ Ke7 35. Rg8 Kf7 36. Rc8 Rxd5 37. Kg5 Re5 38. f4 Re7 39. Rc6 Rd7 40. Rc8 Bd4 41. Kh6 Bg7+ 42. Kg5 Bf6+ 43. Kh6 Rd8 44. Rc7+ Be7 45. Kh7 d5 0-1

[Event "Pfalz op-B 11th"]
[Site "Neustadt an der Weinstrasse"]
[Date "2020.02.23"]
[Round "5"]
[White "Schellenberger, Dirk"]
[Black "Hengstler, Georg"]
[Result "0-1"]
[WhiteElo "1729"]
[BlackElo "1829"]
[PlyCount "116"]
[EventDate "2020.02.21"]
[EventType "swiss"]
[EventRounds "7"]
[EventCountry "GER"]
[SourceTitle "CBM 195 Extra"]
[Source "ChessBase"]
[SourceDate "2020.05.31"]
[SourceVersion "1"]
[SourceVersionDate "2020.05.31"]
[SourceQuality "1"]

1. Nf3 g6 2. c4 c5 3. Nc3 Nc6 4. d4 cxd4 5. Nxd4 Bg7 6. e3 Nf6 7. Be2 d5 8. 0-0 0-0 9. cxd5 Nxd5 10. Nxd5 Nxd4 11. Nxe7+ Qxe7 12. exd4 Qb4 13. Be3 Qxb2 14. Bc4 Bf5 15. Qb3 Bxd4 16. Bxd4 Qxd4 17. Rad1 Qh4 18. Bd5 Rab8 19. Rfe1 b6 20. Qa3 a5 21. Re7 Qf6 22. Rde1 Rbd8 23. Qf3 Kg7 24. Rb7 Rd7 25. Rxd7 Bxd7 26. Qb3 Re8 27. Rd1 Be6 28. Bxe6 Qxe6 29. Qxe6 Rxe6 30. Kf1 Kf6 31. Rd7 Rc6 32. Rb7 h5 33. a3 Ke6 34. Ke2 f6 35. Kd3 Kd5 36. Rg7 f5 37. g3 Kc5 38. Kc3 Kb5+ 39. Kb3 a4+ 40. Kb2 Kc4 41. Kc2 b5 42. Rb7 Re6 43. Rc7+ Kd4 44. Kd2 Rb6 45. Rd7+ Kc4 46. Kc2 b4 47. axb4 Kxb4 48. Kb2 Kc4+ 49. Kc2 Ra6 50. Kb2 a3+ 51. Ka2 Kc3 52. f4 Re6 53. Rc7+ Kd3 54. Rd7+ Ke3 55. Kxa3 h4 56. gxh4 Kxf4 57. Kb3 Rc6 58. Rd4+ Ke3 0-1

[Event "Heusenstamm Sparkassen op-A 6th"]
[Site "Heusenstamm"]
[Date "2019.11.24"]
[Round "7"]
[White "Schellenberger, Dirk"]
[Black "Schmitt, Carsten1"]
[Result "0-1"]
[WhiteElo "1659"]
[BlackElo "1901"]
[PlyCount "50"]
[EventDate "2019.11.21"]
[EventType "swiss"]
[EventRounds "7"]
[EventCountry "GER"]
[SourceTitle "CBM 194 Extra"]
[Source "ChessBase"]
[SourceDate "2020.03.31"]
[SourceVersion "1"]
[SourceVersionDate "2020.03.31"]
[SourceQuality "1"]

1. c4 e6 2. Nc3 d5 3. e3 c5 4. d4 Nf6 5. Nf3 Nc6 6. Be2 cxd4 7. exd4 g6 8. 0-0 Bg7 9. Re1 0-0 10. Bg5 h6 11. Bf4 a6 12. Rc1 dxc4 13. Bxc4 b5 14. Bb3 Nb4 15. Qd2 Kh7 16. Nxb5 Nxa2 17. Bc7 Nxc1 18. Bxe6 Bxe6 19. Bxd8 Nb3 20. Qd1 axb5 21. Be7 Rfe8 22. Ba3 Rac8 23. Ne5 Rc1 24. Qe2 Bc4 25. Qe3 Nd5 0-1

[Event "Main Vogelsberg op 14th"]
[Site "Waechtersbach"]
[Date "2019.06.10"]
[Round "6"]
[White "Pishanidar, Borzou"]
[Black "Schellenberger, Dirk"]
[Result "0-1"]
[WhiteElo "1765"]
[BlackElo "1803"]
[PlyCount "54"]
[EventDate "2019.06.07"]
[EventType "swiss"]
[EventRounds "7"]
[EventCountry "GER"]
[SourceTitle "CBM 190 Extra"]
[Source "ChessBase"]
[SourceDate "2019.07.15"]
[SourceVersion "1"]
[SourceVersionDate "2019.07.15"]
[SourceQuality "1"]

1. d4 Nf6 2. c4 c5 3. d5 b5 4. b3 e6 5. dxe6 fxe6 6. cxb5 Bb7 7. Nf3 d5 8. e3 Bd6 9. Bb2 Nbd7 10. Ng5 Qe7 11. Be2 e5 12. 0-0 g6 13. Nd2 a6 14. Nh3 0-0-0 15. Rc1 Kb8 16. a4 g5 17. f3 Rdg8 18. Nf2 h5 19. e4 d4 20. Nc4 g4 21. fxg4 hxg4 22. Na5 Qh7 23. Nxg4 Rxg4 24. Bxg4 Qxh2+ 25. Kf2 Nxe4+ 26. Ke1 Qg3+ 27. Ke2 Qe3# 0-1

[Event "Main Vogelsberg op 14th"]
[Site "Waechtersbach"]
[Date "2019.06.07"]
[Round "1"]
[White "Schellenberger, Dirk"]
[Black "Hansch, Christian Min"]
[Result "1-0"]
[WhiteElo "1803"]
[BlackElo "1497"]
[PlyCount "39"]
[EventDate "2019.06.07"]
[EventType "swiss"]
[EventRounds "7"]
[EventCountry "GER"]
[SourceTitle "CBM 190 Extra"]
[Source "ChessBase"]
[SourceDate "2019.07.15"]
[SourceVersion "1"]
[SourceVersionDate "2019.07.15"]
[SourceQuality "1"]

1. c4 e5 2. Nf3 d6 3. Nc3 Nf6 4. g3 Be7 5. Bg2 c6 6. 0-0 e4 7. Nd4 d5 8. cxd5 cxd5 9. d3 exd3 10. Qxd3 h6 11. Qb5+ Bd7 12. Qxb7 Bc5 13. Be3 Bxd4 14. Bxd4 Bc6 15. Qb4 Na6 16. Qa3 Nc7 17. Qc5 Bb7 18. Bxf6 gxf6 19. Rad1 Qd7 20. Ne4 1-0